000 00764nam a2200241 a 4500
999 _c2683
_d2683
007 ta
008 230112r20192018ii a ||gd|||| 001 0 eng d
020 _a9788192079004
_cRs. 599.00
040 _aKO
_beng
041 0 _aeng
044 _axxk
082 0 4 _223
_a623.8884
_bC429
100 1 _aChhabra, Yashwant
245 1 0 _aA Mariners guide to preventing collisions
_b: convention on the international regulations for preventing collisions at sea, 1972; including all amendments /
_cYashwant Chhabra
250 _a3rd ed.
260 _aMumbai :
_bMarex Media Pvt Ltd ,
_c2018, reprinted 2019
300 _avi, 308 p. :
_bill., ;
_c26 cm
504 _aIncludes Index.
650 0 _aCollisions at sea
_vTextbooks
904 _aA_BOSE
942 _cBK